[Event "BRA-ch (Women)"]
[Site "Blumenau"]
[Date "2014.05.30"]
[Round "2"]
[White "Da Fonseca, Mariana Charao"]
[Black "De Souza, Elana Silva"]
[Result "0-1"]
[WhiteElo "1772"]
[BlackElo "1471"]
[PlyCount "54"]
[EventDate "2014.05.29"]
[EventType "swiss"]
[EventRounds "7"]
[EventCountry "BRA"]
[SourceTitle "EXT 2015"]
[Source "ChessBase"]
[SourceDate "2014.11.20"]
[SourceVersion "1"]
[SourceVersionDate "2014.11.20"]
[SourceQuality "1"]

1. d4 Nf6 2. Nf3 g6 3. Nc3 Bg7 4. Bg5 0-0 5. e3 d6 6. h3 Nc6 7. Bc4 a6 8. g4 b5 9. Bb3 Na5 10. Qd3 Nxb3 11. cxb3 Bb7 12. e4 b4 13. Bxf6 Bxf6 14. Ne2 c5 15. 0-0-0 cxd4 16. Nexd4 Rc8+ 17. Kb1 Qb6 18. Rh2 Rc7 19. Rc1 Rxc1+ 20. Kxc1 Rc8+ 21. Kb1 Qc5 22. Rh1 a5 23. g5 Bxg5 24. Nxg5 Qxg5 25. h4 Qg2 26. Qf3 Bxe4+ 27. Qxe4 Qxe4+ 0-1